Wszystkie kluby z polskiej Ekstraklasy - Statystyki

Ogólne statystyki
  • Ten quiz został rozwiązany 85 razy
  • Średni wynik to 29 z 85
Statystyki odpowiedzi
Klub Debiut % Poprawnych
Legia Warszawa (dawniej CWKS Warszawa) 1927
96%
Lech Poznań (dawniej Kolejarz Poznań) 1948
86%
ŁKS Łódź (dawniej Włókniarz Łódź) 1927
79%
Widzew Łódź 1948
77%
Pogoń Szczecin 1959
73%
Ruch Chorzów (dawniej Ruch Wielkie Hajduki/Unia Chorzów) 1927
71%
Wisła Kraków (dawniej Gwardia Kraków) 1927
71%
Arka Gdynia 1974
70%
Cracovia (dawniej Ogniwo Kraków) 1928
70%
Lechia Gdańsk (dawniej Budowlani Gdańsk) 1949
68%
Polonia Warszawa (dawniej Kolejarz Warszawa) 1927
68%
GKS Katowice 1965
66%
Górnik Zabrze 1956
66%
Zagłębie Lubin 1985
66%
Warta Poznań (dawniej Związkowiec Poznań) 1927
64%
Śląsk Wrocław 1964
63%
Korona Kielce 2005
61%
Jagiellonia Białystok 1987
59%
Zagłębie Sosnowiec (dawniej Stal Sosnowiec) 1955
57%
Piast Gliwice 2008
55%
Raków Częstochowa 1994
55%
Stal Mielec 1961
55%
Wisła Płock (dawniej Petrochemia Płock) 1994
55%
Motor Lublin 1980
54%
Radomiak Radom 1984
52%
GKS Tychy (dawniej Sokół Tychy) 1974
50%
Górnik Łęczna 2003
50%
Amica Wronki 1995
48%
Bruk-Bet Termalica Nieciecza 2015
48%
Puszcza Niepołomice 2023
46%
Podbeskidzie Bielsko-Biała 2011
45%
Polonia Bytom 1948
45%
Stal Rzeszów 1962
45%
Zawisza Bydgoszcz 1961
45%
Miedź Legnica 2018
43%
GKS Bełchatów 1995
41%
Odra Opole (dawniej Budowlani Opole) 1953
39%
Pogoń Lwów 1927
38%
Stomil Olsztyn 1994
36%
Szombierki Bytom (dawniej Górnik Bytom) 1949
36%
Sandecja Nowy Sącz 2017
34%
Dyskobolia Grodzisk Wielkopolski 1997
32%
Hutnik Kraków 1990
30%
Garbarnia Kraków (dawniej Związkowiec Kraków) 1929
29%
Górnik Wałbrzych 1983
29%
Odra Wodzisław Śląski 1996
27%
Bałtyk Gdynia 1980
25%
Górnik Polkowice 2003
25%
Stal Stalowa Wola 1987
25%
ROW 1964 Rybnik 1968
21%
GKS Jastrzębie 1988
20%
Gwardia Warszawa 1953
20%
Czarni Lwów 1927
18%
Warszawianka 1927
16%
AKS Chorzów (wcześniej Budowlani Chorzów) 1937
14%
Arkonia Szczecin (dawniej Gwardia Szczecin) 1951
14%
KSZO Ostrowiec Świętokrzyski 1997
14%
Ruch Radzionków 1998
14%
Siarka Tarnobrzeg 1992
14%
Sokół Pniewy 1993
14%
Olimpia Poznań 1986
13%
RKS Radomsko 2001
13%
Tarnovia Tarnów 1948
13%
Górnik Radlin 1950
11%
Zagłębie Wałbrzych 1968
11%
Igloopol Dębica 1990
9%
Polonia Bydgoszcz (dawniej Gwardia Bydgoszcz) 1954
9%
Świt Nowy Dwór Mazowiecki 2003
9%
Szczakowianka Jaworzno 2002
7%
Wawel Kraków (dawniej OWKS Kraków) 1952
7%
1. FC Katowice 1927
5%
Hasmonea Lwów 1927
5%
Klub Turystów Łódź 1927
5%
Lechia Lwów 1931
5%
Podgórze Kraków 1933
5%
Unia Racibórz 1963
5%
Dąb Katowice 1936
4%
Jutrzenka Kraków 1927
4%
Śmigły Wilno 1938
4%
Rymer Rybnik (dawniej Rymer Niedobczyce) 1948
2%
Śląsk Świętochłowice 1928
2%
TKS Toruń 1927
2%
ŁTSG Łódź 1930
0%
Strzelec Siedlce (wcześniej WKS 22 pp Siedlce) 1932
0%
Union-Touring Łódź 1939
0%
Nie znaleziono quizów pasujących do podanych kryteriów
Rozkład punktacji
Procent ludzi z każdym wynikiem
Percentyl według liczby udzielonych odpowiedzi
Twoja historia wyników
Nie rozwiązałeś tego quizu